000 00634nam a2200241Ia 4500
003 OSt
005 20221005121007.0
006 a|||||r|||| 00| 0
007 ta
008 221004b |||||||| |||| 00| 0 eng d
024 _a59292
037 _cTextual
040 _aCRL
_cCRL
_beng
041 _2eng
_aeng
082 _aV2:25xM69:9, H31.1-.2
100 _aPattabhi Sitaramayya B
245 0 _aGandhi and Gandhism
_b A study
260 _c1943
490 _aKitabistan series; 3
650 _aHISTORY
942 _hV2:25xM69:9, H31.1-.2
_cTEXL
_2cc
999 _c1039788
_d1039788